| 000 | 00826 a2200169 4500 | ||
|---|---|---|---|
| 020 | _a019282841X (hardcover) | ||
| 020 | _a9780192828415 (hardcover) | ||
| 082 | 0 | 4 | _a423.1 |
| 090 |
_c4601 _d4601 |
||
| 100 | 1 | _aKirkpatrick, E. M. | |
| 245 | 1 | 0 |
_aOxford paperback thesaurus / _cE. M. Kirkpatrick. |
| 260 |
_a[S.l.] : _bOxford Univ Pr, _c1994. |
||
| 300 |
_a920 p. ; _c20 cm. |
||
| 520 | _aThis brand new thesaurus presents 300,000 synonyms in a single A - Z sequence. With clear, dictionary-style sense divisions, example phrases, and full labelling, it sets a new standard for clarity and ease of use and expands OUP's thesaurus range with a specially developed text for this popular paperback slot. | ||
| 856 | 4 | 0 |
_3Amazon.com _uhttp://www.amazon.com/exec/obidos/ASIN/019282841X/chopaconline-20 |
| 942 |
_aNBS _cBK _k423.1 OXF |
||
| 999 |
_c347042 _d347042 |
||